000 00526njm a2200181 i 4500
001 C2-0307010
003 PPAK
005 20180729163355.0
008 101227s2005 xxu|||| ||||| | eng d
040 _aPPAK
_beng
_cPPAK
_erda
245 0 0 _aJoan Didion
_bThe Year Of Magical Thinking
264 1 _aUnited States :
_bHigh Bridge Company ,
_c2005
336 _2rdacontent
_atext
337 _2rdamedia
_aunmediated
338 _2rdacarrier
_avolume
650 1 0 _aNovelists, American 20 th century- Biography
942 _ddc
_cB
999 _c163868
_d163868